Random Geography Knowledge - Statistics

General Stats
  • This quiz has been taken 78 times
  • The average score is 9 of 15
Answer Stats
Hint Answer % Correct
Biggest State in the US (size) Alaska
97%
Country entirely surrounded by South Africa Lesotho
86%
Country with the biggest military China
78%
Country with least people per square km Mongolia
76%
Biggest country in the Middle East Saudi Arabia
73%
Most populous state in the US California
71%
Biggest landlocked country Kazakhstan
69%
Third smallest country in the world (size) Nauru
51%
Smallest country in Africa Seychelles
49%
Largest country without an airport Andorra
47%
Most densely populated country in Central America El Salvador
47%
Country with the highest percentage of mountains Bhutan
42%
Former capital of Myanmar Yangon
42%
Capital of Kiribati Tarawa
39%
Southernmost city in the world Puerto Williams
5%
No matching quizzes found
Score Distribution
Percent of People with Each Score
Percentile by Number Answered
Your Score History
You have not taken this quiz